000 00439nam a2200169Ia 4500
001 35578
008 140421s9999 xx 000 0 und d
020 _aNA
040 _cPK-LaUMT
082 _a 658.408
_bRAO-S
100 _aRaouf, A.
245 _aSafety management and engineering
_ban integrated approach
_cRaouf, A.
260 _aLahore,Pakistan:
_bPunjab University Press,
_c2007
300 _a211 p.
546 _aEN
942 _cBK
999 _c35094
_d35094